| 000 | 00779cam a22002537a 4500 | ||
|---|---|---|---|
| 003 | MX-MxUPN | ||
| 005 | 20260326145702.0 | ||
| 008 | 230804s2008 sp|d|||fr|||| 000 0 spa d | ||
| 020 | _a9788471978950 | ||
| 040 |
_aMX-MxUPN _bspa |
||
| 050 | 4 |
_aLB2840 _bH84 2008 |
|
| 100 | 1 |
_949836 _aHué García, Carlos |
|
| 245 | 1 | 0 | _aBienestar docente y pensamiento emocional. |
| 250 | _aPrimera edición. | ||
| 260 |
_aMadrid : _bWolters Kluwer, _c2008. |
||
| 300 |
_a443 páginas : _bgráficos |
||
| 490 | 0 | _aEducación emocional y en valores | |
| 650 | 0 |
_aMaestros _xPsicología _9839 |
|
| 650 | 2 |
_921516 _aBienestar personal |
|
| 650 | 4 |
_911882 _aEducación emocional |
|
| 902 |
_aMarisolGarcía/040823 _bVíctorGodínez/230823 |
||
| 942 |
_2lcc _cLIBRO _n0 |
||
| 999 |
_c209952 _d209952 |
||